000 00258nam a2200097Ia 4500
008 230907s9999||||xx |||||||||||||| ||und||
082 _a621.319,ADV
245 0 _aAdvanced technologies for future transmission grids /
300 _ax, 396 pages :
942 _cBK
999 _c597613
_d597613